‏اردو زبان کے امتیازات : (Record no. 189722)

MARC details
000 -LEADER
fixed length control field 00698nam a22001937a 4500
005 - DATE AND TIME OF LATEST TRANSACTION
control field 20220711164150.0
010 ## - LCCN (DPL NO)
LC control number UR-11641
020 ## - INTERNATIONAL STANDARD BOOK NUMBER
International Standard Book Number 9789392496400
Terms of availability 380.00
035 ## - SYSTEM CONTROL NUMBER
System control number U-10196
037 ## - SOURCE OF ACQUISITION
Source of stock number/acquisition DBAD/PUB
Stock number -
082 ## - DEWEY DECIMAL CLASSIFICATION NUMBER
Classification number 841.08
100 ## - MAIN ENTRY--PERSONAL NAME
Personal name اشفاق احمد عمر
245 ## - TITLE STATEMENT
Title ‏اردو زبان کے امتیازات :
Remainder of title عہد غالب سے عصر حاضر تک /
Statement of responsibility, etc اشفاق احمد عمر
246 ## - VARYING FORM OF TITLE
Title proper/short title Udu Zaban ke Imteyazaat /
Remainder of title by Ashfaq Ahmad Umar
260 ## - PUBLICATION, DISTRIBUTION, ETC. (IMPRINT)
Place of publication, distribution, etc New Delhi
Name of publisher, distributor, etc Educational Publishing House
Date of publication, distribution, etc 2022 ء
270 ## - ADDRESS
Address H.o. D1/16, Ansari Road, Daryaganj
City New Delhi
Postal code 110002
300 ## - PHYSICAL DESCRIPTION
Extent 264 ص
Dimensions 22cm(Hb)
942 ## - ADDED ENTRY ELEMENTS (KOHA)
Source of classification or shelving scheme Dewey Decimal Classification
Item type Urdu Bks
Classification part 841.08
Call number suffix ا ش ف
Holdings
Withdrawn status Lost status Not for loan Collection code Home library Current library Date acquired Source of acquisition Cost, normal purchase price Full call number Barcode Copy number Cost, replacement price Koha item type
      Non-fiction Central Library Central Library 11/07/2022 DBAD/PUB 380.00 841.08 ا ش ف U-10196 1 380.00 Urdu Bks

© Delhi Public Library
Hit Counter
free hit counter